| 000 | 01086cab a2200325 4500 | ||
|---|---|---|---|
| 001 | ABS46687 | ||
| 008 | 090401t1992 xxu||||| |||| 00| 0 eng d | ||
| 035 | _a(Sirsi) u59191 | ||
| 041 | _aeng | ||
| 100 | _aChappell, D. | ||
| 245 | _aLegal round-up: contracts | ||
| 260 | _c1992 | ||
| 350 | _a0 | ||
| 490 |
_aArchitects` Journal _v196(5) 29 July 1992, 44-47(4) |
||
| 520 | _aHighlights a range of recent important cases on contract. | ||
| 650 | _aALEXANDER CORFIELD V DAVID GRANT | ||
| 650 | _aAUGHTON V M F KENT | ||
| 650 | _aHOLLOWAY HOLDINGS V ARCHWAY BUSINESS CENTRE | ||
| 650 | _aJARVIS BRENT V RAWLINSON CONSTRUCTION | ||
| 650 | _aKIER CONSTRUCTION V ROYAL INSURANCE CO | ||
| 650 | _aMURPHY V BRENTWOOD DC | ||
| 650 | _aRAYMOND SLATER V C A DUQUEMIN | ||
| 650 | _aSTEWART GILL V HORATIO MYER & CO | ||
| 650 | _aSUMMERS V CONGREVE HORNER | ||
| 650 | _aTHOMPSON V CLIVE ALEXANDER AND PARTNERS | ||
| 650 | _aUPDATE CONSTRUCTION PTY V ROZELLE CHILD CARE CENTRE | ||
| 690 | _aBUILT ENVIRONMENT-BUILDING CONTRACT FORMS | ||
| 942 | _n0 | ||
| 948 | _c04/03/1997 | ||
| 999 |
_c36280 _d36280 |
||